000 00679nam a22002417a 4500
008
020 _a0717125629 (pbk.)
049 _aMAIN
090 _aHF5718
_bMcC
100 1 _aMcClave, Henry.
245 1 0 _aCommunication for business /
_cHenry McClave.
250 _a2nd ed.
260 _aDublin :
_bGill & Macmillan,
_c1997.
300 _avi, 330 p. :
_bill. ;
_c25 cm.
504 _aIncludes bibliographical references.
500 _aIncudes index.
650 _aBusiness
_aCommunication.
907 _a.b1028039x
_b23-02-15
_c13-08-10
003
005 20230123125415.0
040 _cNUST
942 _cBOOKS
_kHF5718
_mMcC
999 _c140983
_d140983